Budování státu podle Fukuyamy /

Hlavní autor: Fukuyama, Francis, 1952-
Jazyk: Čeština
Vydáno: Praha : Alfa Publishing, 2004
Vydání: 1. vyd.
Edice: Extra (Alfa Publishing)
Témata:
Fyzický popis: 129 s. : il. ; 22 cm
Knihy
Uloženo v:
LEADER 01289nam a2200409 a 4500
001 000758174
003 CZ BrMZK
005 20090612144920.0
007 ta
008 050105s2004 xr a er 000 0 czeoc
015 |a cnb001448057 
020 |a 80-86851-09-5  |q (váz.) :  |c Kč 299,00 
035 |a (OCoLC)85128978 
040 |a ABA001  |b cze  |d BOA001 
041 1 |a cze  |h eng 
072 7 |a 321  |x Politologie  |2 Konspekt  |9 15 
080 |a 321.01  |2 MRF 
080 |a 323.1:342.1  |2 MRF 
080 |a 327(100)  |2 MRF 
080 |a (048.8)  |2 MRF 
100 1 |a Fukuyama, Francis,  |d 1952-  |7 xx0004051  |4 aut 
245 1 0 |a Budování státu podle Fukuyamy /  |c [překlad Jan Havlík] 
250 |a 1. vyd. 
260 |a Praha :  |b Alfa Publishing,  |c 2004 
300 |a 129 s. :  |b il. ;  |c 22 cm 
490 1 |a Extra 
500 |a Přeloženo z angličtiny 
650 0 7 |a stát  |7 ph126176  |2 czenas 
650 0 7 |a národní stát  |7 ph123439  |2 czenas 
650 0 7 |a světová politika  |7 ph126325  |y 21. stol.  |2 czenas 
655 7 |a studie  |7 fd133597  |2 czenas 
765 0 |t State-building  |9 Česky 
830 0 |a Extra (Alfa Publishing)  |0 s 
910 |a BOA001  |b 2-1144.749 
990 |a BK 
991 |b 200501  |c NOV 
996 6 |b 2610237454  |c 2-1144.749  |l MZK  |r Sklad / do 1 hodiny  |n 5  |p p.v.  |w 000758174  |u 000010  |a 1  |e BOA001  |j MZK50  |s P